SAVA : Surveyors and Valuers Accreditation (Record no. 120026)

MARC details
000 -LEADER
fixed length control field 00787cam a2200193 4500
001 - CONTROL NUMBER
control field WS117824
008 - FIXED-LENGTH DATA ELEMENTS--GENERAL INFORMATION
fixed length control field 020503n 000 0 eng u
035 ## - SYSTEM CONTROL NUMBER
System control number (Sirsi) u117824
110 ## - MAIN ENTRY--CORPORATE NAME
Corporate name or jurisdiction name as entry element Surveyors and Valuers Accreditation
9 (RLIN) 4232
245 ## - TITLE STATEMENT
Title SAVA : Surveyors and Valuers Accreditation
520 ## - SUMMARY, ETC.
Summary, etc. Web site for this independent standard setting body for property practitioners who are members of RICS. Includes details of the SAVA benchmark standards and a searchable database of SAVA accredited surveyors.
650 ## - SUBJECT ADDED ENTRY--TOPICAL TERM
Topical term or geographic name entry element BENCHMARKING
650 ## - SUBJECT ADDED ENTRY--TOPICAL TERM
Topical term or geographic name entry element ORGANISATION
650 ## - SUBJECT ADDED ENTRY--TOPICAL TERM
Topical term or geographic name entry element ACCREDITATION
650 ## - SUBJECT ADDED ENTRY--TOPICAL TERM
Topical term or geographic name entry element STANDARDS
690 ## - LOCAL SUBJECT ADDED ENTRY--TOPICAL TERM (OCLC, RLIN)
Topical term or geographic name as entry element PROPERTY-PROPERTY APPRAISAL AND VALUATION
856 40 - ELECTRONIC LOCATION AND ACCESS
Uniform Resource Identifier <a href="https://www.sava.org.uk">https://www.sava.org.uk</a>
Public note View the website free of charge at www.sava.org.uk...
942 ## - ADDED ENTRY ELEMENTS (KOHA)
Suppress in OPAC 0
Holdings
Withdrawn status Lost status Source of classification or shelving scheme Damaged status Not for loan Home library Current library Shelving location Date acquired Total Checkouts Full call number Barcode Date last seen Copy number Price effective from Koha item type
    Dewey Decimal Classification     Virtual Virtual Online 03/05/2002   WEB SITE 117824-2001 06/08/2019 1 06/08/2019 Online material